Pesticide residues (Record no. 81854)

MARC details
000 -LEADER
fixed length control field 00675nam a2200157 a 4500
008 - FIXED-LENGTH DATA ELEMENTS--GENERAL INFORMATION
fixed length control field 120416s1967 ||||||||||||||||| || u
050 ## - LIBRARY OF CONGRESS CALL NUMBER
Classification number SB 951.C65 Tho
100 ## - MAIN ENTRY--PERSONAL NAME
Personal name Thomson, J
245 10 - TITLE STATEMENT
Title Pesticide residues
246 ## -
-- history alternatives and analysis
260 ## - PUBLICATION, DISTRIBUTION, ETC.
Place of publication, distribution, etc. London
Name of publisher, distributor, etc. The Royal Institute of Chemistry
Date of publication, distribution, etc. 1967
300 ## - PHYSICAL DESCRIPTION
Extent 33p. : ill.
350 ## -
-- 0.00
995 ## -
-- BINDERY (DAMAGED)
-- 0.00
-- 718589
-- CBU-MAIN LIBRARY (Kitwe)
-- 2
-- 0.45
-- SB 951.C65 Tho
-- 2
-- DAMAGED
-- 013377
-- Main Library Open Access Collection
995 ## -
-- BINDERY (DAMAGED)
-- 0.00
-- 718588
-- CBU-MAIN LIBRARY (Kitwe)
-- 1
-- 0.45
-- SB 951.C65 Tho
-- 1
-- DAMAGED
-- 013378
-- Main Library Open Access Collection
999 ## -
-- 81854
-- 81854
Holdings
Withdrawn status Lost status Source of classification or shelving scheme Damaged status Not for loan Permanent Location Current Location Shelving location Date acquired Total Checkouts Full call number Barcode Date last seen Copy number Price effective from Koha item type
          CBU-MAIN LIBRARY, KITWE. CBU-MAIN LIBRARY, KITWE.   09/12/2023   SB 951.C65 Tho 013377 09/12/2023 1 09/12/2023 MONOGRAPH
          CBU-MAIN LIBRARY, KITWE. CBU-MAIN LIBRARY, KITWE.   09/12/2023   SB 951.C65 Tho 013378 09/12/2023 2 09/12/2023 MONOGRAPH